Online Catalogue and eLibrary

Recovering subversion,feminist politics beyond the law (Record no. 2462)

MARC details
000 -LEADER
fixed length control field 00240nam a2200097Ia 4500
008 - FIXED-LENGTH DATA ELEMENTS--GENERAL INFORMATION
fixed length control field 240331s9999 xx 000 0 und d
082 ## - DDC Classification
Item Number - Author Mark MEN
100 ## - MAIN ENTRY--PERSONAL NAME
Personal name Menon, N
245 #0 - TITLE STATEMENT
Title Recovering subversion,feminist politics beyond the law
942 ## - Koha item type (Biblio)
Koha item type Books in Stacks (Lending)

No items available.

© WERC Library